MAASAI MARA UNIVERSITY

LIBRARY CATALOGUE

Contact Us: +254 020 2685356/7 or 0774 057787

Box: 861-20500, NAROK, KENYA

Email: info@mmarau.ac.ke

_Fundamental Financial Accounting Concepts / Edmonds Thomas p. (Record no. 9150)

MARC details
000 -LEADER
fixed length control field 00457nam a2200157Ia 4500
008 - FIXED-LENGTH DATA ELEMENTS--GENERAL INFORMATION
fixed length control field 151021s9999 xx 000 0 und d
020 ## - INTERNATIONAL STANDARD BOOK NUMBER
International Standard Book Number 72299037
050 ## - LIBRARY OF CONGRESS CALL NUMBER
Classification number HF 5635 .F95 2000
245 ## - TITLE STATEMENT
Title _Fundamental Financial Accounting Concepts / Edmonds Thomas p.
260 ## - PUBLICATION, DISTRIBUTION, ETC. (IMPRINT)
Place of publication, distribution, etc. Boston : Mcgraw-Hill, 2000
300 ## - PHYSICAL DESCRIPTION
Extent xxx,649 p.
500 ## - GENERAL NOTE
General note Includes index
650 ## - SUBJECT ADDED ENTRY--TOPICAL TERM
Topical term or geographic name as entry element _Accounting
700 ## - ADDED ENTRY--PERSONAL NAME
Personal name _Frances M. Mcnair
980 ## - EQUIVALENCE OR CROSS-REFERENCE-SERIES STATEMENT--PERSONAL NAME/TITLE [LOCAL, CANADA]
Personal name ^d20120801 02:15:23^oanne

No items available.

© 2016 Maasai Mara University.